| 000 | 00639cam a22002054a 4500 | ||
|---|---|---|---|
| 005 | 20250605164245.0 | ||
| 008 | 250528s ||||||||||||||||||||||||d | ||
| 035 | _a21450 | ||
| 040 |
_aGR-AtMCL _bgre _dGR-AtMCL _eAACR2 |
||
| 245 | 1 | _aGETTING TO CAMBRIDGE TEACHER'S BOOK | |
| 250 | _a1 | ||
| 260 |
_bΑυτοεκδοση, _c1996 |
||
| 300 | _a164 | ||
| 505 | 0 | _aEXAM PRACTICE FOR PAPERS 1, 2 &3 WITH GRAMMAR AND VOCABULARY ANALYSIS FCE LEVEL | |
| 520 | _aEXAM PRACTICE FOR PAPERS 1, 2 &3 WITH GRAMMAR AND VOCABULARY ANALYSIS FCE LEVEL | ||
| 700 | 1 |
_aBoukouvalas John _97486 |
|
| 942 | _cBK | ||
| 999 |
_c6512 _d6512 |
||